000
00271nam a22001217a 4500
082
_a
823
_b
PAI/A
100
_a
PAI, ANANT
245
_a
ASHOKA I CHANDRAGUPTA
260
_a
MUMBAI
_b
AMAR CHITHRA KATHA PVT. LTD
300
_a
63
650
_a
ENGLISH SHORT STORY
942
_c
BK
999
_c
3383
_d
3383